000 00450nam a2200145 a 4500
001 000043343
005 20201002040829.0
008 140310s1985 dr a 000 0 spa d
040 _aDO-SdBNP
_bspa
_cBNPHU
082 _axxxx
_bxxxx
100 1 _aMalir, Federico
_970980
245 1 0 _aComo ser mil veces mas feliz en la vida matrimonial /
_cFederico Malir.
260 _aSanto Domingo :
_bEducativa Dominicana,
_c1985.
300 _a72 p. :
_bil. ;
_c21 cm.
999 _c42832
_d42832